| 000 | 00428nam a2200145Ia 4500 | ||
|---|---|---|---|
| 008 | 230312s9999||||xx |||||||||||||| ||und|| | ||
| 020 | _a0-88487-285-8 | ||
| 082 |
_a629.138 _bJOI |
||
| 245 | 0 | _aJoint Aviation Authorities Air line Transport Pilot's Licence | |
| 260 |
_bOxford _aUSA _c2001 |
||
| 300 | _a16-24 | ||
| 546 | _aEng. | ||
| 650 |
_aAviation _vJoint Aviation Authorities Air line Transport Pilot's L;icence |
||
| 942 | _cBK | ||
| 999 |
_c7289 _d7289 |
||